000 02148nam a22003257a 4500
005 20100906153426.0
008 100906t xxu||||| |||| 00| 0 eng d
010 _aENG-101433 B-425204-209
020 _a9788184245936
_c350.00
035 _aEN-84966 B-425204-209
037 _bDBAD/PUB
037 _bRBC/VEN
040 _adpl
_bEng
082 _a658.403
100 _aHanumappa Anil Kumar
_918628
245 _aBusiness information needs of the Indian corporate sector /
_cby Hanumappa Anil Kumar
260 _aNew Delhi
_bAllied Publishers
_c2010
270 _aI/13-14 Asaf Ali Road
_bNew Delhi
_e110002
300 _ax,174p.
_c24cm (pbk)
500 _aIncludes bibliographical references
942 _2ddc
_cEN
_mHAN
_h658.403
999 _c44065
_d44065